000 00939nam a22002417a 4500
999 _c13892
_d13892
003 AR-CdUCM
008 190416b ||||| |||| 00| 0 spa d
040 _aMUNICIPALIDAD PROVINCIAL DEL CUSCO
_cBIBLIOTECA MUNICIPAL DEL CUSCO
082 _a985.0093 /
_bG69 / 1989
100 _aGonzález Vigil, Ricardo
_91199
245 _aComentemos al Inca Garcilaso /
260 _aLima :
_bBanco Central de Reserva del Perú, Fondo Editorial,
_c1989.
300 _a362 páginas ;
_c23 cm.
505 _aContenido: Para leer al Inca Garcilaso -- Antología comentada -- La florida del Inca -- Comentarios reales -- Titulada de modo postizo: Historia general del Perú.
650 _aCronistas
_91200
650 _aPerú
_935
650 _aHistoria
_9136
650 _aÉpoca Prehispánica - Incas
_924438
650 _aBiografía
_922
710 _aBanco Central de Reserva del Perú.
_91201
942 _2ddc
_cLIBROS
945 _aachl
_d2019-04-16